00672nam a22002057a 45000010005000000030006000050050017000110080041000280200015000690400029000841000022001132450124001352600047002593000051003065050008003575210029003655210020003946500021004147000031004357470FISKH20250718084811.0250718b cb ||||| |||| 00| 0 eng d a0669114723 aFISKHbengcFISKHdFISKH aAlvermann, Donna  aMy best bear hug /cBy Donna Alvermann , Connie A. Bridge , Barara A.Schmidt , Lyndon W. Searfoss , and Peter Winograd  aToronto :bD.C. Heath and Company ,c1989. a223 pages : bcolor illustrations ; c26 cm .  aO 8 a600 bLexile estimate 8 aO bRaz-Plus  aAnimalsvFiction aWoff, AshleyeIllustrator